000 01394cam a2200433Mi 4500
001 49952
005 20230410132921.0
008 051219s19779999sp 000 0 spa d
035 _a(OCoLC)ocm63293103
040 _aCGU
_cCGU
_dOCLCQ
_dPL#
_dBAKER
_dBTCTA
_dYDXCP
020 _a8424927710 :
_c29.00 EUR.
020 _a9788424927714
029 1 _aPL#
_b050092497
035 _a(OCoLC)63293103
043 _ae-gr---
045 _ad4i-
050 1 4 _aB 171
_bB582 1977
049 _aGRAL
100 0 _aAristóteles,
_d384-322 a. C.
130 1 _aBiblioteca Clásica Gredos.
245 1 0 _aFragmentos /
_ctraducción y notas de Alvaro Vallejo Campos.
260 _aMadrid :
_bGredos,
_c1977.
300 _a502 p. ;
_c30 cm.
440 0 _aBiblioteca clásica Gredos ;
_vn.338
500 _aCritical ed.
500 _aAristoteles, Greek philosopher.
500 _aFirst complete Spanish translation of the extracts.
650 0 _aPhilosophy, Classical.
650 0 _aPhilosophy, Ancient.
650 0 _aPhilosophy
_xEarly works to 1800.
650 0 _aEthics
_zGreece.
938 _aPuvill Libros
_bPUVL
_n8424927710
_c$42.01
938 _aBaker & Taylor
_bBKTY
_c58.95
_d58.95
_i8424927710
_n0006852514
_sactive
938 _aBaker and Taylor
_bBTCP
_nBK0006852514
938 _aYBP Library Services
_bYANK
_n2650298
942 _2lcc
_cbk
994 _aC0
_bDRFGD
946 _aLspaulino
999 _c90134
_d90134